Autómatas programables y sistemas de automatización

Furkejuvvon:
Bibliográfalaš dieđut
Váldodahkkit: Mandado Pérez, Enrique (autor), Marcos Acevedo, Jorge (Dahkki), Fernández Silva, Celso (Dahkki), Armesto Quiroga, José Ignacio (Dahkki)
Materiálatiipa: Girji
Giella:espánnjágiella
Almmustuhtton: Cuernavaca Alfaomega 2009
Preanttus:2a. ed
Fáttát:
Fáddágilkorat: Lasit fáddágilkoriid
Eai fáddágilkorat, Lasit vuosttaš fáddágilkora!

MARC

LEADER 00000cam a2200000 a 4500
001 UCG2276
003 CL-VaPUC
008 100701e20091100MX |||||||||||||||||spa|d
020 |a 9786077686736 
082 0 4 |a 629.892  |b MAN  |2 21 
100 |a Mandado Pérez, Enrique  |e autor  |9 577894 
700 0 |a Marcos Acevedo, Jorge  |e author  |9 550699 
700 0 |a Fernández Silva, Celso  |e author  |9 550700 
700 0 |a Armesto Quiroga, José Ignacio  |e author  |9 550701 
245 1 0 |a Autómatas programables y sistemas de automatización 
250 |a 2a. ed 
300 |a 1084 p 
942 |c BK 
945 |d 20100701 00:00:00  |a dcastane 
260 |a Cuernavaca  |b Alfaomega  |c 2009 
500 |a Incluye DVD 
650 0 |a Robots  |9 263117 
650 0 |a Control automático  |9 259890 
650 7 |a DISEÑO LOGICO DE ROBOTS  |2 CL-VaPUC  |9 453579 
650 0 |a Programación de computadores   |9 259531 
583 |a last modification  |c 20161128 05:34:07  |k Rodrigo Vera 
999 |c 341497  |d 341495 
952 |0 0  |1 0  |2 ddc  |4 0  |6 629_892000000000000_MAN_2009  |7 0  |8 A  |9 437051  |a BIBING  |b BIBING  |c RES  |d 2019-11-22  |i 4691865  |o 629.892 MAN 2009  |p 4691865  |r 2025-01-20  |w 2019-11-22  |y BK  |k EIE 
952 |0 0  |1 0  |2 ddc  |3 erb  |4 0  |6 629_892000000000000_MAN_2009  |7 0  |8 A  |9 437052  |a BIBING  |b BIBING  |c RES  |i 5353785  |o 629.892 MAN 2009  |p 5353785  |r 2025-01-20  |w 2019-11-22  |y BK  |z Catalogado en:20161201  |k EIE 
952 |0 0  |1 0  |2 ddc  |3 erb  |4 0  |6 629_892000000000000_MAN_2009  |7 0  |8 A  |9 437053  |a BIBING  |b BIBING  |c RES  |i 5354366  |o 629.892 MAN 2009  |p 5354366  |r 2025-01-20  |w 2019-11-22  |y BK  |z Catalogado en:20161201  |k EIE 
952 |0 0  |1 0  |2 ddc  |3 erb  |4 0  |6 629_892000000000000_MAN_2009  |7 0  |8 A  |9 437054  |a BIBING  |b BIBING  |c RES  |i 5354374  |o 629.892 MAN 2009  |p 5354374  |r 2025-01-20  |w 2019-11-22  |y BK  |z Catalogado en:20161201  |k EIE 
952 |0 0  |1 0  |2 ddc  |3 erb  |4 0  |6 629_892000000000000_MAN_2009  |7 0  |8 A  |9 437055  |a BIBING  |b BIBING  |c RES  |i 5354382  |o 629.892 MAN 2009  |p 5354382  |r 2025-01-20  |w 2019-11-22  |y BK  |z Catalogado en:20161201  |k EIE 
952 |0 0  |1 0  |2 ddc  |3 erb  |4 0  |6 629_892000000000000_MAN_2009  |7 0  |8 A  |9 437056  |a BIBING  |b BIBING  |c RES  |i 5360153  |o 629.892 MAN 2009  |p 5360153  |r 2025-01-20  |w 2019-11-22  |y BK  |z Catalogado en:20170119  |k EIE